2025 Internet memes - Statistics

General Stats
  • This quiz has been taken 592 times
    179 since last reset
  • The average score is 24 of 40
Answer Stats
Hint Answer % Correct
Person who became US President Donald Trump
94%
Six _____ Seven
89%
App that was banned for 12 hours before getting unbanned TikTok
86%
Nothing beats a ____ holiday Jet2
82%
Tung Tung _____ Sahur
81%
___ men vs 1 gorilla 100
80%
Tralalero _______ Tralala
79%
TV show with the quote "I'VE PLAYED THESE GAMES BEFORE!" Squid Game
78%
We Are _______ ____ (AI generated song) Charlie Kirk
76%
_______ Stars (I'm gonna go out swinging) Chicken
76%
Minecraft Movie quote that caused the most chaos in theaters Chicken Jockey
74%
Who played Steve in the Minecraft Movie? Jack Black
74%
I bought a property in _____ Egypt
73%
MASSIVE Low Taper Fade
73%
What month was the Great Meme Drought? February/March
70%
Month the Minecraft Movie was released globally April
66%
Streamer related to above meme IShowSpeed
66%
What is the white rabbit pointing at? Clock
64%
What kind of brainrot is Bombardino Crocodilo? Italian Brainrot
64%
Brr Brr _______ Patapim
64%
Eye of ___ Rah
64%
People that dive into 1 millimeter wide gaps Cave Divers
63%
My mom is kinda ________ Homeless
62%
Roblox game where you acquire brainrot and protect them Steal a Brainrot
61%
What is the Indonesian boat kid farming? Aura
59%
Most popular song from the Minecraft Movie Steve's Lava Chicken
58%
What is this _____ ____ doing on the calculator? Diddy blud
56%
A yellow fruit associated with the above number Mango
55%
What people call 2025 sometimes? (Usually followed by dying rose emoji) The Big 25
54%
Friend of above owns an island where he did sus things (Type actual name of island) Little St. James
52%
2025 cuss word (Starts with J) Job
51%
Chopped ____ Chin
49%
The great ____ _____ (planned for 2026) Meme reset
48%
Rhymes with ____ Grug
46%
Person standing next to Nikola Tesla in that one image Albert Einstein
40%
As a child _ _______ ___ ___ _____ I yearned for the mines
34%
Roblox banned this youtuber in August (Starts with s) Schlep
27%
Live-action movie that was hated on by everyone Snow White
27%
Most popular Roblox game about growing plants Grow a Graden
21%
City where 10 inmates escaped prison (To Easy LoL) New Orleans
12%
No matching quizzes found
Score Distribution
Percent of People with Each Score
Percentile by Number Answered
Your Score History
You have not taken this quiz since the last reset